[Event "Challenge"]
[Site "http://www.queenalice.com/game.php?id=16000"]
[Date "2005.6.12"]
[Round "-"]
[White "Asterix"]
[Black "ratpak"]
[Result "1-0"]
[WhiteElo "1803"]
[BlackElo "1056"]

1. e4 e5 2. Nf3 Nc6 3. Nc3 Nf6 4. Bb5 Bc5 5. O-O O-O 6. Bxc6 bxc6 7. d4 Ba6 8.
Re1 Bb4 9. dxe5 Ng4 10. h3 Nh6 11. Bxh6 1-0

[Event "hulk"]
[Site "http://www.queenalice.com/game.php?id=23349"]
[Date "2005.8.9"]
[Round "-"]
[White "ratpak"]
[Black "KyoteeSun"]
[Result "1-0"]
[WhiteElo "1054"]
[BlackElo "1291"]

1. e4 e5 2. Nf3 Qf6 3. d4 exd4 4. Nxd4 Bc5 5. c3 Nc6 6. Be3 Nge7 7. Nxc6 Qxc6 8.
Bc4 b5 9. Bd5 Qb6 10. Bxa8 c6 11. Bxc5 Qxc5 12. O-O Qb6 13. Nd2 Qb8 14. Bxc6
dxc6 15. Nf3 O-O 16. Qd3 Be6 17. a4 Rd8 18. Qe2 Bc4 19. Qe3 Rd3 20. Qc1 a6 21.
Rd1 b4 22. Nd2 b3 23. Nxc4 Rd8 24. Rd6 Qc7 25. Qd1 g6 26. Rxd8+ Kg7 27. Qd4+ Kh6
28. Rd7 Qc8 29. Rxe7 c5 30. Qe3+ Kg7 31. Nd6 Qd8 32. Qxc5 Qxe7 33. Nf5+ Kf6 34.
Nxe7 g5 35. Qd6+ Kg7 36. Ra3 f6 37. Rxb3 h5 38. Nf5+ Kg6 39. Rb8 g4 40. Rg8+ Kh7
41. Qf8 g3 42. Qf7# 1-0

[Event "Challenge"]
[Site "http://www.queenalice.com/game.php?id=23352"]
[Date "2005.8.9"]
[Round "-"]
[White "KyoteeSun"]
[Black "ratpak"]
[Result "0-1"]
[WhiteElo "1325"]
[BlackElo "1080"]

1. e4 e5 2. Qf3 Nc6 3. Bc4 Qf6 4. Nh3 Nd4 5. Qc3 b5 6. Bd3 b4 7. Qxc7 Nc6 8. Bb5
Bd6 9. Qxd6 Qxd6 10. O-O Nd4 11. a4 Nxc2 12. Ra2 b3 13. Ra3 Nxa3 14. Nxa3 f6 15.
Re1 a6 16. Bc4 Rb8 17. Re3 Rb4 18. d3 Rxa4 19. Bxb3 Qb4 20. d4 Qxd4 21. g3 Ne7
22. Kg2 Bb7 23. Nc2 Qd1 24. Re1 Qd3 25. Bxa4 Bxe4+ 26. f3 Bxf3+ 27. Kf2 Qf5 28.
Ng1 Bh1+ 29. Ke2 O-O 30. Ne3 Qe6 31. Rd1 Bc6 32. Bc2 Bb5+ 33. Bd3 Bxd3+ 34. Rxd3
e4 35. Rd2 Rc8 36. Rd1 d5 37. Bd2 d4 38. Ng2 Nd5 39. Nf4 d3+ 40. Kf1 Qg4 41. Ke1
Nxf4 42. h3 Qxg3+ 43. Kf1 Qg2+ 44. Ke1 Qxg1# 0-1

[Event "Challenge"]
[Site "http://www.queenalice.com/game.php?id=24174"]
[Date "2005.8.14"]
[Round "-"]
[White "ratpak"]
[Black "hulk"]
[Result "1-0"]
[WhiteElo "1106"]
[BlackElo "1561"]

1. e4 e5 2. Nf3 Nc6 3. Bb5 Nf6 4. d3 Bc5 5. O-O a6 6. Bc4 d5 7. Bb3 O-O 8. c3
dxe4 9. Ne1 Ng4 10. h3 Nf6 11. Bg5 h6 12. Bh4 e3 13. Nd2 exf2+ 14. Rxf2 Bxf2+
15. Bxf2 b5 16. Bh4 g5 17. Bf2 g4 18. hxg4 Nxg4 19. Bc5 Qh4 20. Nef3 Qg3 21.
Bxf8 Ne3 22. Qe2 Bh3 23. Ne4 Qg4 24. g3 Kxf8 25. Qxe3 Kg7 26. Bd5 Qd7 27. Qc5
Qg4 28. Kh2 Qxf3 29. Kxh3 h5 30. Bxc6 Rd8 31. Qxe5+ Kf8 32. d4 1-0

[Event "AUTO-BEG-06"]
[Site "http://www.queenalice.com/game.php?id=26856"]
[Date "2005.9.1"]
[Round "1"]
[White "juba"]
[Black "ratpak"]
[Result "0-1"]
[WhiteElo "1149"]
[BlackElo "1136"]

1. d4 Nc6 2. e3 d5 3. Bb5 a6 4. Bxc6+ bxc6 5. Nf3 Bg4 6. Nbd2 e6 7. h3 Bh5 8. g4
Bg6 9. b3 Bb4 10. c3 Be7 11. Ne5 Nf6 12. g5 Bh5 13. Qc2 O-O 14. gxf6 Bxf6 15.
Nxc6 Qd6 16. Nb4 a5 17. Nd3 Qc6 18. Ba3 a4 19. Bxf8 Kxf8 20. b4 Bg6 0-1

[Event "AUTO-BEG-06"]
[Site "http://www.queenalice.com/game.php?id=26857"]
[Date "2005.9.1"]
[Round "1"]
[White "ratpak"]
[Black "juba"]
[Result "1-0"]
[WhiteElo "1153"]
[BlackElo "1132"]

1. e4 e5 2. Nf3 d6 3. Bb5+ c6 4. Ba4 Bd7 5. O-O Nf6 6. d3 Ng4 7. h3 Nf6 8. Bg5
Be7 9. Nc3 O-O 10. Bb3 Qb6 11. d4 h6 12. Bh4 c5 13. dxc5 Qxc5 14. Nd5 Nc6 15. a3
Nd4 16. Nxe7+ Kh7 17. c3 Nxf3+ 18. Qxf3 1-0

[Event "AUTO-BEG-06"]
[Site "http://www.queenalice.com/game.php?id=26868"]
[Date "2005.9.1"]
[Round "1"]
[White "Bryan_tan"]
[Black "ratpak"]
[Result "1-0"]
[WhiteElo "1426"]
[BlackElo "1162"]

1. e4 e5 2. Nf3 Nc6 3. Nc3 Bb4 4. Bc4 Bxc3 5. bxc3 Nf6 6. d3 d5 7. exd5 Na5 8.
Bb3 Nxd5 9. Bb2 Nxb3 10. axb3 O-O 11. O-O c6 12. c4 Nb4 13. Qd2 Qd6 14. Bxe5 Qe7
15. Rfe1 f6 16. Bc3 Be6 17. Bxb4 c5 18. Bc3 Qd6 19. d4 Bg4 20. dxc5 Qxc5 21. Nd4
a6 22. Ne6 Bxe6 23. Rxe6 Rad8 24. Qe3 1-0

[Event "AUTO-BEG-06"]
[Site "http://www.queenalice.com/game.php?id=26869"]
[Date "2005.9.1"]
[Round "1"]
[White "ratpak"]
[Black "Bryan_tan"]
[Result "0-1"]
[WhiteElo "1168"]
[BlackElo "1420"]

1. e4 e5 2. Nf3 Nc6 3. Bb5 Nf6 4. Bxc6 bxc6 5. d3 d6 6. Bg5 Be7 7. O-O O-O 8. c4
h6 9. Bh4 Bg4 10. Nbd2 Nh5 11. h3 Bxf3 12. Qxf3 Nf4 13. Bxe7 Qxe7 14. d4 Rfe8
15. g3 Nxh3+ 16. Kh2 Ng5 17. Qf5 exd4 18. Rae1 Qe6 19. Qf4 c5 20. Qf5 Qxf5 21.
exf5 Rxe1 22. Rxe1 g6 23. fxg6 fxg6 0-1

[Event "AUTO-BEG-06"]
[Site "http://www.queenalice.com/game.php?id=26874"]
[Date "2005.9.1"]
[Round "1"]
[White "Muggs"]
[Black "ratpak"]
[Result "1-0"]
[WhiteElo "1094"]
[BlackElo "1154"]

1. e4 e5 2. Nf3 Nc6 3. Bb5 Nge7 4. O-O a6 5. Ba4 Ng8 6. c3 d6 7. d4 f6 8. d5 f5
9. dxc6 bxc6 10. Bxc6+ Bd7 11. Bxa8 Qxa8 12. Be3 Qxe4 13. Re1 Nf6 14. Nbd2 Qb7
15. Bf4 e4 16. Nc4 Be7 17. a4 Nd5 18. Na5 Qxb2 19. Qxd5 Qb8 20. Nh4 Bxh4 21. Nc6
Qa8 22. Qd4 Qxc6 23. c4 Be6 24. Rec1 O-O 25. Rcb1 Bxc4 26. Qa7 Qa8 27. Qxc7 Qc8
28. Qxd6 Rd8 29. Rb8 Qxb8 30. Qxb8 Rxb8 31. Bxb8 Bg5 32. Rb1 e3 33. fxe3 f4 34.
Rc1 fxe3 35. Rxc4 e2 36. Re4 Bf6 37. Rxe2 Bd4+ 38. Kh1 h6 39. Re6 Kh8 40. Rxa6
Bc5 41. Ra8 Kh7 42. Be5 Bb6 43. Rf8 1-0

[Event "AUTO-BEG-06"]
[Site "http://www.queenalice.com/game.php?id=26875"]
[Date "2005.9.1"]
[Round "1"]
[White "ratpak"]
[Black "Muggs"]
[Result "0-1"]
[WhiteElo "1136"]
[BlackElo "1112"]

1. e4 e5 2. Nf3 Nc6 3. Bb5 a6 4. Ba4 Nf6 5. d3 Bb4+ 6. c3 Ba5 7. O-O O-O 8. Bg5
h6 9. Bh4 d5 10. Nbd2 Re8 11. Rc1 d4 12. Nc4 b5 13. Nxa5 Nxa5 14. Bb3 Nxb3 15.
Qxb3 Be6 16. c4 c5 17. Nxe5 bxc4 18. dxc4 Qd6 19. Nf3 Nxe4 20. Qb7 Reb8 21. Qxe4
Re8 22. Nd2 Bxc4 23. Nxc4 Rxe4 24. Nxd6 Rxh4 25. Rxc5 Rd8 26. Rc8 Rxc8 27. Nxc8
d3 28. Ne7+ Kf8 29. Nf5 Rf4 30. Nd6 Rd4 31. Nf5 Ra4 32. a3 Ra5 33. Ne3 Rb5 34.
b4 a5 35. Rd1 axb4 36. Rxd3 bxa3 37. Rxa3 Rb1+ 38. Nf1 g5 39. h3 Kg7 40. Ra4 h5
41. g3 Rb3 42. Ne3 Kg6 43. Ra6+ f6 0-1

[Event "Challenge"]
[Site "http://www.queenalice.com/game.php?id=36287"]
[Date "2005.11.4"]
[Round "-"]
[White "ratpak"]
[Black "hulk"]
[Result "0-1"]
[WhiteElo "1157"]
[BlackElo "1483"]

1. d4 d5 2. c4 Nf6 3. e3 dxc4 4. Bxc4 c6 5. Nf3 h6 6. Ne5 Be6 7. Nd2 Bxc4 8.
Ndxc4 Qd5 9. b3 Qxg2 10. Ke2 Ne4 11. Qf1 Nc3+ 12. Ke1 Qe4 13. Qg1 Qc2 14. Qg4 e6
15. f4 Bb4 16. Bd2 Qe4 0-1